Financial institutions and markets / (Record no. 66376)

MARC details
000 -LEADER
fixed length control field 00593nam a22001577a 4500
005 - DATE AND TIME OF LATEST TRANSACTION
control field 20120509121246.0
020 ## - INTERNATIONAL STANDARD BOOK NUMBER
International Standard Book Number 0074632108
Terms of availability 00.00
035 ## - SYSTEM CONTROL NUMBER
System control number A-825945
037 ## - SOURCE OF ACQUISITION
Stock number DPL
Source of stock number/acquisition ENG
100 ## - MAIN ENTRY--PERSONAL NAME
Personal name Kohn, Meir
245 ## - TITLE STATEMENT
Title Financial institutions and markets /
Statement of responsibility, etc by Meir Kohn
260 ## - PUBLICATION, DISTRIBUTION, ETC. (IMPRINT)
Place of publication, distribution, etc New Delhi
Name of publisher, distributor, etc Tata McGraw-Hill Publishing
Date of publication, distribution, etc 1996
300 ## - PHYSICAL DESCRIPTION
Extent xxiii, 868p.
Dimensions 28 cms.
942 ## - ADDED ENTRY ELEMENTS (KOHA)
Source of classification or shelving scheme Dewey Decimal Classification
Item type English Books
Classification part 332.10973
Call number suffix KOH
Holdings
Withdrawn status Lost status Not for loan Collection code Home library Current library Date acquired Cost, normal purchase price Full call number Barcode Cost, replacement price Koha item type
      Non-fiction Sarojini Nagar Sarojini Nagar 09/05/2012 0.00 332.10973 KOH A-825945 0.00 English Books

© Delhi Public Library
Hit Counter
free hit counter